• 首页
  • 本馆介绍
  • 公告通知
  • 最新文献
  • 馆藏检索
  • 电子资源
  • 读者导购
  • 参考咨询
  • 我的图书馆
  • 登录
  • 详细信息显示
  • 放入我的书架
  • 预约/预借图书
  • 作者相关作品
  • 分类相关作品
  • 丛书相关作品
  • 出版社相关作品

书目信息

  • 表格格式
  • 工作单格式
  • 卡片格式
题名:
高中思想政治课课程标准及教材分析
    
 
作者: 杨启南 , 陈宇光 主编
分册:  
出版信息: 长春   东北师范大学出版社  2002
页数: 308页
开本: 21cm
丛书名: 新教学大纲及教材分析培训教材
单 册:
中图分类: G632.3 , G633.201
科图分类:
主题词: 政治课--高中--教学参考资料 , 高中 , 政治课--教材改革--研究--高中
电子资源:
ISBN: 7-5602-2927-1
000 00916oam2 2200289 450
001 1255277047
005 20121006152221.95
010    @a7-5602-2927-1@dCNY12.00
100    @a20120227d2002 em y0chiy0110 ea
101 0  @achi
102    @aCN@b220000
105    @ak z 000yy
200 1  @a高中思想政治课课程标准及教材分析@AGao Zhong Si Xiang Zheng Zhi Ke Ke Cheng Biao Zhun Ji Jiao Cai Fen Xi@f杨启南,陈宇光主编
210    @a长春@c东北师范大学出版社@d2002
215    @a308页@d21cm
225 2  @a新教学大纲及教材分析培训教材
300    @a按新大纲新教材全新编写
461  0 @12001 @a新教学大纲及教材分析培训教材
606 0  @a政治课@x高中@j教学参考资料
606 0  @a高中
606 0  @a政治课@x教材改革@x研究@x高中
690    @aG632.3@v4
690    @aG633.201@v4
701  0 @a杨启南@AYang Qi Nan@4主编
701  0 @a陈宇光@AChen Yu Guang@4主编
801  0 @aCN@bNLC@c20120127
905    @a10447@dG632.3@eJY175
    
    高中思想政治课课程标准及教材分析/杨启南,陈宇光主编.-长春:东北师范大学出版社,2002
    308页;21cm.-(新教学大纲及教材分析培训教材)
    按新大纲新教材全新编写
    
    ISBN 7-5602-2927-1:CNY12.00
    
●
相关链接 在E读中查询图书 在五车中查询图书 在当当中查询图书 在豆瓣中查询图书


正题名:高中思想政治课课程标准及教材分析     索取号:G632.3/JY175         预约/预借

序号 登录号 条形码 馆藏地/架位号 状态 备注
1 7807820   278078205   学院路分馆/ [索取号:G632.3/JY175] 在馆    
2 7807821   278078214   学院路分馆/ [索取号:G632.3/JY175] 在馆    
3 7807822   278078223   学院路分馆/ [索取号:G632.3/JY175] 在馆    
4 7807823   278078232   学院路分馆/ [索取号:G632.3/JY175] 在馆    
唐山师范学院图书馆 欢迎您!
大连网信软件有限公司© 版权所有